000 00838nam a2200253Ia 4500
008 130821s2000 sp gr spa
020 _a8495407434
040 _aCo-BoUCM
_bspa
041 0 0 _aspa
100 1 _aLewis, Clive Staples
_d1898-1963
_9164320
245 1 3 _aLa abolición del hombre reflexiones sobre la educación
_cClive Staples Lewis
260 _aBarcelona (España)
_bEditorial Andres Bello
_c2000
300 _a103 páginas
504 _aIncluye bibliografía
650 0 4 _aEnsayos irlandeses
_914569
650 0 4 _aLiteratura europea
_926524
650 0 4 _aLiteratura irlandesa
_918691
700 1 _aSalazar A., Paula
_etrad.
_9164321
740 _aHombres sin pecho.
740 0 3 _aEl camino.
765 4 _aThe abolition of man
942 _cLIBRO
_a18
_e1
_mL673a
_2DEWEY
_h824
999 _c57141
_d57141